Bratislava, areál Teplárne III - návrh revitalizácie hlavného objektu.

Salvato in:
Dettagli Bibliografici
Autore principale: Šimončičová, Lenka (Autore)
Altri autori: Polomová, Beata (Relatore della tesi)
Natura: Manoscritto Libro
Lingua:slovacco
Pubblicazione: Bratislava 2018
Soggetti:
Accesso online:http://is.stuba.sk/zp/portal_zp.pl?podrobnosti=139660
Tags: Aggiungi Tag
Nessun Tag, puoi essere il primo ad aggiungerne!!

MARC

LEADER 00000ntm a22000003a 4500
001 stuzp67825
003 SK-STU
005 20210114120450.2
007 ta
008 150427s2015----xo-----f-mn---000-0-slo-d
040 |a STU  |b slo 
041 0 |a slo 
100 1 |a Šimončičová, Lenka  |u 053130  |4 aut  |U FAD Fakulta architektúry  |T FA Ústav dejín a teórie architektúry a obnovy pamiatok  |X 70305  |U A3130  |Y 394  |7 70305 
242 0 1 |a Bratislava, Complex Tepláreň III - the revitalization of the main building.  |y eng 
245 1 0 |a Bratislava, areál Teplárne III - návrh revitalizácie hlavného objektu. 
260 |c 2018  |a Bratislava 
650 4 |a Tepláreň III  |2 slo 
650 4 |a konverzia  |2 slo 
650 4 |a industriálna architektúra  |2 slo 
650 4 |a Tepláreň III  |2 eng 
650 4 |a conversion  |2 eng 
650 4 |a industrial architecture  |2 eng 
700 1 |a Polomová, Beata  |u 053130  |k Z1  |4 ths  |U FAD Fakulta architektúry  |T FA Ústav dejín a teórie architektúry a obnovy pamiatok  |X 4781  |U A3130  |Y 394  |7 A000004781 
856 4 |u http://is.stuba.sk/zp/portal_zp.pl?podrobnosti=139660  |u https://opac.crzp.sk/?fn=detailBiblioForm&sid=EEE57057A47611A7EC7AC04E9AC3